00575 2200205 4500001002100000005001500021035002000036245009100056100002500147250000600172300003300178260003100211082001100242084001700253020001800270650003000288990001700318990001700335990001700352INLIS00000000000039020181012034243 a0010-10180000801 aNabi Muhammad SAW Rasul Kesayangan Kita 9 :bRumah-Rumah Mekah /cEko Marsudiono, S.Pd0 aEko Marsudiono, S.Pd a- a24 hlm. :bilus. ;c27,5 cm. aBogor :bYudhistira,c2004 a297.09 a297.09 EKO n a979-746-009-6 aSejarah Nabi Muhammad SAW a01506/P/2018 a01507/P/2018 a01508/P/2018